000 00625nam a2200217Ii 4500
001 3754
003 CO-ViMGA
008 241108s9999||||xx |||||||||||||| ||und||
020 _a9589333141
040 _aCO-ViMGA
_bspa
_erda
_cCO-ViMGA
041 0 _aspa
082 0 4 _a344 Y67c
100 1 _aDiego Younes Moreno
_946111
245 1 0 _aCurso elemental de Derecho Administrativo
264 1 _aBogotá, Colombia : Gustavo Ibañez, 1994
300 _avolumen
336 _atext
_btxt
_2rdacontent
337 _aunmediated
_bn
_2rdamedia
338 _avolume
_bnc
_2rdacarrier
940 _aidficha_siabuc: 3665. -- ficha_no_siabuc:3754
999 _c40665
_d40665